=LDR 00000nam 2200000 4500 =001 NUTBA000000000002499 =005 20251209125033 =035 ##$$a 0010-061400000000442 =008 251209################g##########0#ind## =020 ##$$a 978-979-18113-1-6 =040 ##$$a NBPDMAT =082 ##$$a 028.5 =090 ##$$a 028.5 $b Pur a =100 ##$$a Purwanto =245 1#$$a Awas gunung api /$c Purwanto =250 ##$$a Cet.2 =260 ##$$a Jakarta :$b Lazuardi Buku Utama,$c 2010 =300 ##$$a vii, 41 hlm. : $b ilus. ; $c 25 x 17,5 Cm =650 #4$$a Bacaan Kanak - Kanak =850 ##$$a NBPDMAT =084 ##$$a 028.5 PUR a =504 ##$$a Bibliografi : Hlm. 40 =990 ##$$a 21403657 =990 ##$$a 21403658 =990 ##$$a 21403659 =990 ##$$a 21403660 =990 ##$$a 21403661 =990 ##$$a 21403660 =990 ##$$a 21403657 =990 ##$$a 21403658 =990 ##$$a 21403659 =990 ##$$a 21403661 =990 ##$$a 21403659 =990 ##$$a 21403657 =990 ##$$a 21403658 =990 ##$$a 21403660 =990 ##$$a 21403661